000 00344nam a22001577a 4500
003 SGT
020 _a973-6-7020-4762-6
082 _a616.024, O14B
100 _aBERSTEN, ANDREW
245 _aOH'S INTENSIVE CARE MANUAL
250 _a7TH
260 _aINDIA
_bBUTTERWORTH
_c2014
300 _a1242
650 _aMEDICINE
942 _2ddc
_cBK
999 _c9052
_d9052